Tratado teórico práctico de derecho procesal civil y comercial (Record no. 172640)

MARC details
000 -LEADER
fixed length control field 00967nam a22001937a 4500
005 - DATE AND TIME OF LATEST TRANSACTION
control field 20260219093858.0
008 - FIXED-LENGTH DATA ELEMENTS--GENERAL INFORMATION
fixed length control field 260219b ag ||||| |||| 00| 0 spa d
050 04 - LIBRARY OF CONGRESS CALL NUMBER
Classification number KHA2579
Item number A47 1972
100 1# - MAIN ENTRY--PERSONAL NAME
Personal name Alsina, Hugo,
Dates associated with a name 1891-1943
245 10 - TITLE STATEMENT
Title Tratado teórico práctico de derecho procesal civil y comercial
Remainder of title / Hugo Alsina ; actualizado por Jesús Cuadrao
250 ## - EDITION STATEMENT
Edition statement 1a ed.
260 ## - PUBLICATION, DISTRIBUTION, ETC. (IMPRINT)
Place of publication, distribution, etc Buenos Aires :
Name of publisher, distributor, etc Ediar Sociedad Anónima Editores,
Date of publication, distribution, etc 1972
300 ## - PHYSICAL DESCRIPTION
Extent 7 v. ;
Dimensions 23 cm.
505 1# - FORMATTED CONTENTS NOTE
Title V.1 Parte general --
-- V.2 Organización judicial, jurisdicción y competencia --
-- V.3 Juicio ordinario --
-- V.4 Juicio ordinario segunda parte --
-- V.5 Ejecución forzada y medidas precautorias --
-- V.6 Juicios especiales --
-- V.7 Juicios especiales procedimiento ante la justicia de paz indices generales.
650 #7 - SUBJECT ADDED ENTRY--TOPICAL TERM
Source of heading or term lemb
Topical term or geographic name as entry element Procedimiento civil
Geographic subdivision Argentina
650 #7 - SUBJECT ADDED ENTRY--TOPICAL TERM
Source of heading or term lemb
Topical term or geographic name as entry element Derecho comercial
Geographic subdivision Argentina
700 1# - ADDED ENTRY--PERSONAL NAME
Personal name Cuadrao, Jesús,
Relator term colaborador
942 ## - ADDED ENTRY ELEMENTS (KOHA)
Source of classification or shelving scheme Biblioteca del Cogreso de los Estados Unidos
Koha item type Libro
Holdings
Estado de pérdida Fuente de clasificación Estado del daño No para préstamo Ubicación permanente Ubicación actual Apartado o colección Fecha de adquisición Edición Enumeración de Serie / Cronológica Área del conocimiento Total Checkouts Clasificación Código de Barras Date last seen Número de copia Costo por reposición Tipo de recurso
  Biblioteca del Cogreso de los Estados Unidos     Biblioteca de la Facultad de Derecho y Ciencias Sociales "Felipe J. Tena" Biblioteca de la Facultad de Derecho y Ciencias Sociales "Felipe J. Tena" General 19/02/2026 1a ed. V:6 Ciencias Sociales y Administrativas   KHA2579 A47 1972 BFD000011179 19/02/2026 1 1.00 Libro